Регионална библиотека "Любен Каравелов" - Русе

Изненадващи експерименти със звук (Запис номер 433464)

MARC детайли
000 -Лидер
Контролно поле с фиксирана дължина 01802nam a2200337 a 4500
003 - Код на организацията, давaща контролен номер
Контролно поле BLK
005 - Дата и час на последна редакция
Контролно поле 20250710124625.0
008 - Елементи от данни с фиксирана дължина
fixed length control field 201128b bu |||||r|||| 00| | bu d
020 ## - Международен стандартен номер на книга ISBN
Международен стандартен номер на книга ISBN 9786192460389
040 ## - Източник на каталожния запис
Идентификатор на билиотеката - собственик на записа BLK
041 ## - Код за език
Код за езика на текст/звукозапис или на отделно заглавие Български
Код за езика КДБФ Български
080 ## - УДК
Текстов определител УДК Физическа акустика. Разпространенине на акустичните трептения. Процеси в звуковото поле - скорост на разпространение, отражение на вълните (ехо, резонанс), пречупване, наслагване, поляризация,
УДК код - определител по УДК 534.2
УДК определител :087.5
УДК - код + определител 534.2:087.5
100 ## - Редна дума - Автор
R(LIN) 465466
Автор Наваро, Паула
Авторска отговорност първи автор
139 ## - Редно поле
Редна дума Наваро, Паула и др.
Авторски знак Нав - Н 13
245 ## - Сведения за заглавието
Заглавие Изненадващи експерименти със звук
Редно поле (дума) Текст Паула Наваро, Анхелс Хименес ; ил. Бернадет Куксарт ; прев. Ива Костадинова
260 ## - Област на издателските данни
9 (RLIN) 402164
Място на издаване, разпространение и проч. [София]
Име на издателя, разпространителя и проч. Робертино
Година на издаване 2020
Печатница ([София] : Алианс принт)
300 ## - Физическа характеристика
Страници 36 с. : с цв. ил.
Размери/Мащаб 28 см
380 ## - Жанр
Жанр Детска отраслова лит.
500 ## - Общи забележки
Забележка Ориг. загл.: Experiments sorprenents amb el so / Angels Jimenes, Paula Navarro
650 #7 - Допълнително описание по предмет – тема
9 (RLIN) 146684
Основно описание – тема или топоним Акустика
653 #7 - Ключова дума – ненормативна
9 (RLIN) 186888
Ключова дума звук
653 #7 - Ключова дума – ненормативна
9 (RLIN) 184826
Ключова дума детска литература
700 ## - Други автори (авторска отговорност)
9 (RLIN) 465467
Лично име Куксарт, Бернадет
Автороска отговорност (Описва отношението между автора и произведението) ил.
700 ## - Други автори (авторска отговорност)
Лично име Костадинова, Ива Георгиева
Дати, свързани с автора 1981-
9 (RLIN) 337774
700 ## - Други автори (авторска отговорност)
Лично име Хименес, Анхелс
Автороска отговорност (Описва отношението между автора и произведението) съавт.
9 (RLIN) 1445
852 ## - Местоположение
Фондова буква Детски отдел
Систематично-азбучна сигнатура 53/Н 13 П
852 ## - Местоположение
Фондова буква Хранилище
Форматна сигнатура Цб 311838
999 ## - СИСТЕМНИ КОНТРОЛНИ НОМЕРА
Koha biblionumber 433464
Koha biblioitemnumber 433464
942 ## - АРТИКУЛИ
Вид на библиотечния материал Книги
Скрит в OPAC Не
Периодичен библиозапис Да
Koha issues (borrowed), all copies 13
944 ## - СЪЗДАВАНЕ И РЕДАКЦИЯ на ЗАПИСА
Създаване/Редакция Създаване
Дата на регистрацията/редакция 2021-10-11
Служител, извършил регистрацията/редакцията 30551
Статус, дата на статуса Бояна Костадинова
944 ## - СЪЗДАВАНЕ И РЕДАКЦИЯ на ЗАПИСА
Създаване/Редакция Редакция
Дата на регистрацията/редакция 2022-03-17
Служител, извършил регистрацията/редакцията Кети
Наличности
Код за отписване Код за изгубен артикул Източник на класификационната схема Код за повреда Коз за рестрикции Код за отдаване Артикулен № Име на библиотеката - собственик Име на библиотеката, в която се намира в момента Статус (Текущо местоположение) Дата на вписване в системата Местоположение - отдел Цена в лева Систематично азбучна сигнатура Баркод Цена в евро Служебен тип на артикула
  Не е изгубен Universal Decimal Classification Не е повреден без рестрикции заемане за дома 857261 Регионална библиотека "Любен Каравелов" Русе Регионална библиотека "Любен Каравелов" Русе Детски отдел 2021-10-12 Детски отдел 5.33 53/Н 13 П 120000860273 2.73 Книги
  Не е изгубен Universal Decimal Classification Не е повреден без рестрикции заемане за дома 857262 Регионална библиотека "Любен Каравелов" Русе Регионална библиотека "Любен Каравелов" Русе Детски отдел 2021-10-12 Детски отдел 5.33 53/Н 13 П 120000860274 2.73 Книги
  Не е изгубен Universal Decimal Classification Не е повреден без рестрикции заемане за дома 857263 Регионална библиотека "Любен Каравелов" Русе Регионална библиотека "Любен Каравелов" Русе Детски отдел 2021-10-12 Детски отдел 5.33 53/Н 13 П 120000860275 2.73 Книги
  Не е изгубен Universal Decimal Classification Не е повреден само за читалня ползва се в читалня 877648 Регионална библиотека "Любен Каравелов" Русе Регионална библиотека "Любен Каравелов" Русе Хранилище 2022-03-21 Хранилище 8.90 Цб 311838 120000869976 4.55 Книги
Vip Innovations Ltd, Rousse, Bulgaria 2025